[Event "HEM 2013 B Turnier"]
[Site "Korbach"]
[Date "2013.03.27"]
[Round "1.26"]
[White "Pabst, Olaf"]
[Black "Rolf, Marco"]
[Result "0-1"]
[WhiteElo "1681"]
[BlackElo "1864"]
[PlyCount "68"]
[EventDate "2013.??.??"]
[WhiteTeam "Sfr. Korbach"]
[BlackTeam "SK Bad Homburg 1927"]

1. f4 e5 2. fxe5 d6 3. Nf3 dxe5 4. e4 Bc5 5. Bc4 Nf6 6. Nc3 Nc6 7. d3 h6 8. Qe2
Nd4 9. Nxd4 Bxd4 10. h3 c6 11. a3 b5 12. Bb3 a5 13. Be3 O-O 14. O-O Ba6 15.
Bxd4 Qxd4+ 16. Qf2 Rad8 17. Qxd4 exd4 18. Ne2 c5 19. Rfd1 Rfe8 20. a4 b4 21.
Ng3 h5 22. h4 Re7 23. Re1 g6 24. Rad1 Ng4 25. Rf1 Ne3 26. Rd2 Nxf1 27. Nxf1 c4
28. Bxc4 Bxc4 29. dxc4 Rxe4 30. g3 f5 31. b3 Kf7 32. Rf2 d3 33. Kg2 dxc2 34.
Rxc2 Rd3 0-1

[Event "HEM 2013 B Turnier"]
[Site "Korbach"]
[Date "2013.03.27"]
[Round "1.27"]
[White "Ehmann, Johanna"]
[Black "Siebald, Joerg"]
[Result "0-1"]
[WhiteElo "1096"]
[BlackElo "1579"]
[PlyCount "82"]
[EventDate "2013.??.??"]
[WhiteTeam "SF Sasbach e.V."]
[BlackTeam "SC Rochade Emsdetten"]

1. e4 e6 2. d4 d5 3. Nd2 c5 4. c3 Nc6 5. exd5 exd5 6. Ngf3 Nf6 7. Nb3 c4 8.
Nbd2 Bd6 9. b3 b5 10. b4 O-O 11. a4 bxa4 12. Qxa4 Bd7 13. b5 Re8+ 14. Be2 Qe7
15. Qd1 Nd8 16. Rb1 Bf5 17. Rb2 Ba3 18. Ne5 Bxb2 19. Bxb2 Nd7 20. f4 f6 21. Bg4
fxe5 22. Bxf5 exd4+ 23. Kf2 Qe3+ 24. Kf1 Qxf4+ 25. Nf3 Qxf5 26. cxd4 Nf7 27. h4
Nf6 28. Kg1 Ng4 29. Qf1 Rab8 30. Nh2 Qxf1+ 31. Kxf1 Nxh2+ 32. Rxh2 Rxb5 33. Bc3
Rb1+ 34. Kf2 Nd6 35. g3 Ne4+ 36. Kg2 Nxc3 37. Kh3 Re3 38. Rg2 h5 39. Rh2 Ne4
40. Kg2 Rb2+ 41. Kh3 Rxg3# 0-1

[Event "HEM 2013 B Turnier"]
[Site "Korbach"]
[Date "2013.03.27"]
[Round "1.28"]
[White "Fehling, Janek"]
[Black "Alefs, Willi"]
[Result "1/2-1/2"]
[WhiteElo "995"]
[BlackElo "1898"]
[PlyCount "64"]
[EventDate "2013.??.??"]
[WhiteTeam "SK Turm Bad Hersfeld"]
[BlackTeam "SC Fuldatal"]

1. e4 c5 2. Nf3 Nc6 3. d4 cxd4 4. Nxd4 Qb6 5. Nxc6 bxc6 6. Nc3 e6 7. Qf3 Ne7 8.
Bd3 Ng6 9. O-O Bb7 10. a3 Bd6 11. Rb1 Qc7 12. g3 O-O 13. Be3 a6 14. Rfe1 c5 15.
Bc4 f5 16. Qg2 Be5 17. f3 Bxc3 18. bxc3 Ne5 19. Bf4 fxe4 20. Bxe5 Qxe5 21. Rxb7
Qxc3 22. Rxe4 d5 23. Rxe6 Qxc4 24. Ree7 Qd4+ 25. Qf2 Qxf2+ 26. Kxf2 Rfe8 27.
Rxg7+ Kh8 28. Rxh7+ Kg8 29. Rbg7+ Kf8 30. Rg5 Rad8 31. Rgg7 c4 32. Rf7+ Kg8
1/2-1/2

[Event "HEM 2013 B Turnier"]
[Site "Korbach"]
[Date "2013.03.27"]
[Round "1.29"]
[White "Straschnej, Paul"]
[Black "Huelsmann, Florian"]
[Result "1-0"]
[WhiteElo "1554"]
[BlackElo "944"]
[PlyCount "67"]
[EventDate "2013.??.??"]
[WhiteTeam "Sfr. Bad Emstal 1993"]
[BlackTeam "Sfr. Korbach"]

1. d4 e6 2. c4 d5 3. Nc3 Nf6 4. Bg5 Be7 5. Nf3 dxc4 6. e3 Bd7 7. Bxc4 O-O 8.
O-O Nc6 9. Re1 Bb4 10. Qc2 Qe7 11. Rad1 e5 12. dxe5 Nxe5 13. Nxe5 Qxe5 14. Bxf6
Qf5 15. Qxf5 Bxf5 16. Be5 Bc2 17. Rc1 Bf5 18. a3 Be7 19. Nd5 Bd8 20. Bxc7 Bxc7
21. Ne7+ Kh8 22. Nxf5 Be5 23. Nd4 f5 24. g3 g5 25. f4 gxf4 26. gxf4 Bf6 27. Rc2
Rfe8 28. Nxf5 Rac8 29. Nd6 Rxc4 30. Rxc4 Re6 31. Rc8+ Kg7 32. Ne8+ Kf7 33. Nxf6
Kxf6 34. Rc7 1-0

[Event "HEM 2013 B Turnier"]
[Site "Korbach"]
[Date "2013.03.27"]
[Round "1.30"]
[White "Wolff, Beate"]
[Black "Renk, Cornelius"]
[Result "0-1"]
[WhiteElo "905"]
[BlackElo "1837"]
[PlyCount "58"]
[EventDate "2013.??.??"]
[WhiteTeam "VSG 1880 Offenbach"]
[BlackTeam "SC Marsberg e.V."]

1. c4 c6 2. g3 d5 3. b3 Bf5 4. Bg2 e6 5. Nf3 Nd7 6. O-O Be7 7. d4 Ngf6 8. Nc3
Ne4 9. Nxe4 Bxe4 10. Bf4 h6 11. Qd2 g5 12. Be3 Qc7 13. c5 f5 14. Ne1 Bxg2 15.
Kxg2 Rg8 16. f4 Nf6 17. h3 Ne4 18. Qc1 Nxg3 19. Rf3 gxf4 20. Qd2 Ne4+ 21. Kf1
Nxd2+ 22. Bxd2 Rg3 23. Ng2 Rxf3+ 24. exf3 Bf6 25. Bxf4 Qg7 26. Re1 Kd7 27. a4
Rg8 28. Re2 Bxd4 29. Nh4 Qg1# 0-1